000 00743nam a2200241Ia 4500
003 OSt
005 20220925235326.0
006 a|||||r|||| 00| 0
007 ta
008 220923b |||||||| |||| 00| 0 eng d
020 _a9788189524944
_c30
037 _b874, 12/03/2013, Pranami Book Service
_cGeneral Book
040 _aRTL
_cRTL
_beng
041 _2eng
_aeng
082 _aY:677.2, Q3
100 _aGHOSH Jayati
_924660
245 0 _aSocial policy in Indian development
260 _a New Delhi
_bCritical Quest
_c2013
300 _a40p Bibliography: P 37-40
_ccm.
650 _aSociology
942 _hY:677.2, Q3
_cGB
_2CC
999 _c597148
_d597148